banner koha

Previsao do custo de producao do trigo. Estado do Parana. Safra 1974 [Brasil] (Registro n. 21426)

MARC details
000 -LÍDER
campo de controle de tamanho fixo 01081nam a22003497a 4500
001 - NÚMERO DE CONTROLE
campo de controle BR7506302
003 - IDENTIFICADOR DO NÚMERO DE CONTROLE
campo de controle BR-BrBNA
005 - DATA E HORÁRIO DA ÚLTIMA TRANSAÇÃO
campo de controle 20230928084838.0
007 - CAMPO FIXO DE DESCRIÇÃO FÍSICA--INFORMAÇÃO GERAL
campo de controle de tamanho fixo ta
008 - CAMPO DE DADOS FIXOS--INFORMAÇÃO GERAL
campo de controle de tamanho fixo 230509b bl.||||| |||| 00| 0 por d
040 ## - FONTE DA CATALOGAÇÃO
Instituição da catalogação original BR-BrBNA
Idioma da catalogação por
Instituição que transcreveu o registro Biblioteca Nacional de Agricultura
041 ## - CÓDIGO DE IDIOMA
Código do idioma do texto/trilha sonora ou título diferente (Por)
072 ## - CÓDIGO DE CATEGORIA DE ASSUNTO
Código de Categoria de Assunto E10; F00
Código do objeto 0180
-- /G514
090 ## - NÚMERO DE CHAMADA LOCAL
-- 0180 BR7506302
100 1# - ENTRADA PRINCIPAL--NOME PESSOAL
Nome pessoal Hoffmann, H.L.
100 1# - ENTRADA PRINCIPAL--NOME PESSOAL
Nome pessoal Kaick, G. van
100 1# - ENTRADA PRINCIPAL--NOME PESSOAL
Nome pessoal Trombeta, N.V.
100 1# - ENTRADA PRINCIPAL--NOME PESSOAL
Nome pessoal Hammerschmidt, B.
100 1# - ENTRADA PRINCIPAL--NOME PESSOAL
Nome pessoal Steindorf, R.
110 1# - ENTRADA PRINCIPAL--NOME CORPORATIVO
Nome corporativo ou nome da jurisdição Organizacao das Cooperativas do Estado do Parana, Curitiba (Brasil);
110 1# - ENTRADA PRINCIPAL--NOME CORPORATIVO
Nome corporativo ou nome da jurisdição Secretaria da Agricultura, Curitiba, PR (Brasil);
9 (RLIN) 8367
110 1# - ENTRADA PRINCIPAL--NOME CORPORATIVO
Nome corporativo ou nome da jurisdição Associacao de Credito e Assistencia Rural do Parana, Curitiba (Brasil)
245 1# - TÍTULO
Título Previsao do custo de producao do trigo. Estado do Parana. Safra 1974 [Brasil]
260 3# - PUBLICAÇÃO, DISTRIBUIÇÃO, ETC.
Local de publicação, distribuição, etc. Curitiba, PR (Brasil):
Data da publicação, distribuição, etc. 1974.
300 ## - DESCRIÇÃO FÍSICA
Extensão 41 p.
500 ## - NOTA GERAL
Nota geral 25 tables
650 ## - ASSUNTO--TERMO TÓPICO
Cabeçalho tópico ou nome geográfico CUSTO DE PRODUCAO
650 ## - ASSUNTO--TERMO TÓPICO
Cabeçalho tópico ou nome geográfico TRIGO
650 ## - ASSUNTO--TERMO TÓPICO
Cabeçalho tópico ou nome geográfico PARANA
909 ## -
-- 202309
-- Lucia
-- 55
-- Lucia Elande
942 ## - ELEMENTOS DE ENTRADA ADICIONADOS (KOHA)
Tipo de material Koha Livros
Exemplares
Situação do descarte Fonte da classificação ou esquema de arquivamento na estante Situação física Não pode ser emprestado Coleção Biblioteca de origem Biblioteca atual Total de empréstimos Número de telefone completo Código de barras Data de último acesso Número do exemplar Tipo de material Koha Situação das perdas Data de aquisição Fonte de aquisição
  Classificação AGRIS       Biblioteca Nacional de Agricultura - Binagri Biblioteca Nacional de Agricultura - Binagri   0180 BR7506302 0180 BR7506302 25/09/2023 01 Livros   2023-09-25 Portaria Interministerial nº 164/94

BINAGRI

Telefone: (61)3218-2567/2388/3357/2097 - binagri@agro.gov.br

Ministério da Agricultura e Pecuária , Esplanada dos Ministérios, Bloco D, Anexo B, Brasília/DF, CEP: 70.043-900